Kőnig Jenő, a Back-malom cégvezetője felakasztotta magát
Elmentve itt :
| Dokumentumtípus: | Cikk |
|---|---|
| Megjelent: |
1928-06-12
|
| Sorozat: | Délmagyarország
4 No. 131 |
| Kulcsszavak: | Kőnig Jenő, Haláleset Szeged |
| Online Access: | http://dmarchiv.bibl.u-szeged.hu/38283 |
| LEADER | 00447nab a2200145 i 4500 | ||
|---|---|---|---|
| 001 | delm38283 | ||
| 005 | 20180927112917.0 | ||
| 008 | 180927s1928 hu o 0|| hun d | ||
| 040 | |a SZTE Délmagyarország Archívum |b hun | ||
| 041 | |a hun | ||
| 245 | 0 | 0 | |a Kőnig Jenő, a Back-malom cégvezetője felakasztotta magát |h [elektronikus dokumentum] |
| 260 | |c 1928-06-12 | ||
| 300 | |a 4 | ||
| 490 | 0 | |a Délmagyarország |v 4 No. 131 | |
| 695 | |a Kőnig Jenő, Haláleset Szeged | ||